000
00493nam a2200157Ia 4500
008
151213s9999 xx 000 0 und d
100
_a
রফিকুল ইসলাম
245
_a
আধুনিক কবিতা
_c
রফিকুল ইসলাম
250
_a
১ম সং
260
_a
ঢাকা
_b
ফজলে রাব্বি
_c
1971
300
_a
8374 p.
650
_a
Bangla
650
_a
কবিতা
700
_a
রফিকুল ইসলাম
999
_c
4213
_d
4213